000 00546nam a2200205Ia 4500
003 OSt
005 20230607162716.0
008 210423s2012 xx 000 0 und d
020 _a97893815050212
040 _cAL
041 _aeng
082 _a658.404 JINP
100 _aJINDAL (Gaurav); GUPTA (Rakh).
_9121910
245 _aProject management: a first approach.
260 _aNew Delhi
_bWisdom Publication
_c2012
300 _a148
_bPB
365 _b220
_cINR
906 _aapproach. ; first ; management: ; Project
942 _2ddc
_cBK
999 _c176252
_d176252